logo

Bir Sreshtho Munshi Abdur Rouf Library
Jhenaidah Cadet College

ইন্টারন্যাশনাল বেস্টসেলার থ্রিলার: (Record no. 12393)

MARC details
000 -LEADER
fixed length control field 00954nam a2200253 a 4500
001 - CONTROL NUMBER
JCCL Control Number 12393
003 - CONTROL NUMBER IDENTIFIER
JCCL marc code BD-JhCC
005 - DATE AND TIME OF LATEST TRANSACTION
control field 20221116134024.0
008 - FIXED-LENGTH DATA ELEMENTS--GENERAL INFORMATION
fixed length control field 220202b2020 bg |||| ||a| 000 0 ben d
020 ## - INTERNATIONAL STANDARD BOOK NUMBER
International Standard Book Number 9789849510284
035 ## - SYSTEM CONTROL NUMBER
system control number (BD-JhCC)12393
040 ## - CATALOGING SOURCE
Original cataloging agency BD-JhCC
Modifying agency BD-JhCC
041 ## - LANGUAGE CODE
Language code of Book Bengali
082 ## - DEWEY DECIMAL CLASSIFICATION NUMBER
Classification number 823.92
Author mark and Year BAG 2020
100 ## - MAIN ENTRY--PERSONAL NAME
Personal name ব্যাগশ,টিলি
245 ## - TITLE STATEMENT
Title ইন্টারন্যাশনাল বেস্টসেলার থ্রিলার:
Remainder of title সিডনি শেলডনের দা সাইলেন্ট উইডাে /
Statement of responsibility, etc টিলি ব্যাগশ, অনু: অনীশ দাস অপু ।
260 ## - PUBLICATION, DISTRIBUTION, ETC. (IMPRINT)
Place of publication, distribution, etc ঢাকা :
Name of publisher, distributor, etc অনিন্দ্য প্রকাশ;
Date of publication, distribution, etc ২০২০.
300 ## - PHYSICAL DESCRIPTION
Pagination 383 p. :
Dimensions 22 cm.
650 ## - SUBJECT ADDED ENTRY--TOPICAL TERM
Topical term or geographic name as entry element Woman psychologists
650 ## - SUBJECT ADDED ENTRY--TOPICAL TERM
Topical term or geographic name as entry element Murder --Investigation
700 ## - ADDED ENTRY--PERSONAL NAME
Personal name অপু,অনীশ দাস
942 ## - ADDED ENTRY ELEMENTS (KOHA)
Source of classification or shelving scheme Dewey Decimal Classification
Koha item type Books
Koha issues (borrowed), all copies 7
Holdings
Source of classification or shelving scheme Damaged status Not for loan Home library Current library Shelving location Date of accession Cost, normal purchase price Total Checkouts Full call number Barcode Date last seen Date checked out Copy number Koha item type
Dewey Decimal Classification     JCC Rouf Library JCC Rouf Library General Stacks 06/18/2021 420.00 11 823.92 BAG 2020 16994 06/30/2025 06/23/2025 C-1 Books

JCC Library | Contacts | JCC Home

Last Update on 23 September 2017
Copyright @ 2017-2020 JCC Rouf Library
Rouf Library, Jhenidah Cadet College (JCC), Bangladesh